000 00702nam a2200301Ia 4500
005 20260401122145.0
008 008 250103s9999 xx 000 0 eng d
020 _a143029053
037 _aTB
040 _aEDL
040 _beng
040 _cEDL
041 _2eng
041 _aeng
084 _a954.031 KRI
084 _qEDL
100 _aKrishna Kumar
245 0 _aPrejudice and Pride: School Histories of the Freedom Struggle in India and Pakistan
245 0 _cKrishna Kumar
260 _aNew Delhi
260 _bPenguin Books
260 _c2002
300 _a275p
942 _cTB
942 _h954.031 KRI
999 _c1845327
_d1845327